Außenminister Deutschlands seit 1919 - mit Bild - Statistiken

Allgemein
  • Dieses Quiz wurde 86 mal gespielt
    16 seit der letzten Aktualisierung
  • Das Durchschnittsergebnis liegt bei 15 aus 37
Antwortstatistiken
Bildquiz Hint Antwort % Korrekt
2005-2009, 2013-2017
Angela Merkel
SPD
Frank-Walter Steinmeier
100%
2009-2013
Angela Merkel
FDP
Guido Westerwelle
100%
1982
Helmut Schmidt
SPD
Helmut Schmidt
100%
1998-2005
Gerhard Schröder
Bündnis 90/ Die Grünen
Joschka Fischer
100%
2017-2018
Angela Merkel
SPD
Sigmar Gabriel
100%
1969-1974
Brandt, Scheel
FDP
Walter Scheel
100%
1966-1969
Kurt Georg Kiesinger
SPD
Willy Brandt
100%
2021-2025
Olaf Scholz
Bündnis 90/ Die Grünen
Annalena Baerbock
93%
1951-1955
Konrad Adenauer
CDU
Konrad Adenauer
93%
seit 2025
Friedrich Merz
CDU
Johann Wadephul
86%
2018-2021
Angela Merkel
SPD
Heiko Maas
79%
1974-1982, 1982-1992
Schmidt, Kohl
FDP
Hans-Dietrich Genscher
64%
1923-1929
Stresemann, Marx, Luther, Geßler, Müller
DVP
Gustav Stresemann
57%
1961-1966
Adenauer, Erhard
CDU
Gerhard Schröder
43%
1938-1945
Adolf Hitler
NSDAP
Joachim von Ribbentrop
43%
1931-1932
Heinrich Brüning
Zentrum
Heinrich Brüning
36%
1945
Johann von Krosigk
NSDAP
Johann Ludwig Graf Schwerin von Krosigk
36%
1990
Lothar de Maizière
CDU
Lothar de Maizière
29%
1919-1920
Gustav Bauer
SPD
Hermann Müller
21%
1992-1998
Helmut Kohl
FDP
Klaus Kinkel
21%
1921-1922, 1922
Joseph Wirth
Zentrum
Joseph Wirth
14%
1932-1938
Papen, Schleicher, Hitler
parteilos, NSDAP
Konstantin Freiherr von Neurath
14%
1945
Joseph Goebbels
NSDAP
Arthur Seyß-Inquart
7%
1955-1961
Konrad Adenauer
CDU
Heinrich von Brentano
7%
1922
Joseph Wirth
DDP
Walther Rathenau
7%
1920
Hermann Müller
SPD
Adolf Köster
0%
1953
Otto Grotewohl
SED
Anton Ackermann
0%
1921
Joseph Wirth
parteilos
Friedrich Rosen
0%
1922-1923
Wilhelm Cuno
parteilos
Friedrich von Rosenberg
0%
1949-1953
Otto Grotewohl
CDU-Ost (Blockpartei)
Georg Dertinger
0%
1929-1931
Müller, Brüning
DVP
Julius Curtius
0%
1953-1965
Grotewohl, Stoph
NDPD (Blockpartei)
Lothar Bolz
0%
1990
Lothar de Maizière
SPD
Markus Meckel
0%
1975-1990
Sindermann, Stoph, Modrow
SED
Oskar Fischer
0%
1965-1975
Stoph, Sindermann
SED
Otto Winzer
0%
1919
Philipp Scheidemann
parteilos
Ulrich von Brockdorff-Rantzau
0%
1920-1921
Constantin Fehrenbach
parteilos
Walter Simons
0%
Keine übereinstimmenden Quizze gefunden
Verteilung der Resultate
Anzahl Personen mit jedem Resultat
Perzentil nach korrekt beantworteten Fragen
Ihre Resultats-Entwicklung
Sie haben dieses Quiz seit der letzten Aktualisierung nicht gespielt